| 000 | 00908nam a2200253 a 4500 | ||
|---|---|---|---|
| 001 | BRCA_5947 | ||
| 005 | 20190320205255.0 | ||
| 008 | 240311s1938----u--a######---#000-0#eng-# | ||
| 041 | _aeng | ||
| 044 | _au | ||
| 050 | 4 |
_aN7830 _b.W43 1938 |
|
| 100 | 1 |
_aWebber, F. R. _d1887-1963 _q(Frederick Roth) _915020 |
|
| 245 | 1 | 0 |
_aChurch symbolism _ban explanation of the more important symbols of the old and new testament, the primitive, the mediaeval and the modern church _cF. R. Webber ; introduction by Ralph Adams Cram. |
| 250 | _a2 | ||
| 260 |
_aCleveland _bJ. H. Jansen _c1938 |
||
| 300 |
_aix, 413 p. _bil., 95 láminas _c27 cm. |
||
| 500 | _aIncluye lista de láminas e ilustraciones, índice alfabético y glosario | ||
| 500 | _aG76 | ||
| 504 | _aBibliografía: p. 389-394 | ||
| 650 | 1 | 4 |
_aArte y simbolismo cristianos _94853 |
| 700 | 1 |
_aCram, Ralph Adams _915021 |
|
| 902 | _aGFM | ||
| 942 |
_2lcc _cB |
||
| 999 |
_c5636 _d5636 |
||